000 00280nam a22001097a 4500
008 170124b xxu||||| |||| 00| 0 eng d
020 _a2900323007497`
041 _aeng
080 _25TH
_a618.2
245 _aCOMMUNITY & PUBLIC HEALTH NURSING
_cSTANHOPE & LANCASTER
942 _2udc
_cBK
999 _c3424
_d3424